• 首页
  • 本馆介绍
  • 公告通知
  • 最新文献
  • 馆藏检索
  • 电子资源
  • 读者导购
  • 参考咨询
  • 我的图书馆
  • 登录
  • 详细信息显示
  • 放入我的书架
  • 预约/预借图书
  • 作者相关作品
  • 分类相关作品
  • 丛书相关作品
  • 出版社相关作品

书目信息

  • 表格格式
  • 工作单格式
  • 卡片格式
题名:
机床电气控制技术
    
 
作者: 齐占庆 主编
分册:  
出版信息: 北京   机械工业出版社  2005
页数: 194页
开本: 26cm
丛书名:
单 册:
中图分类: TG502.35-43
科图分类:
主题词: 机床-电气控制--高等教育--教材 , 电气控制-机床--高等教育--教材
电子资源:
ISBN: 7-111-04010-4
000 00926nam0 2200265 45
001 0194022420
005 20061009103221.26
010    @a7-111-04010-4@dCNY17.00
100    @a19940512d2005 em y0chiy0121 ea
101 0  @achi
102    @aCN@b110000
105    @ay z 000yy
200 10 @a机床电气控制技术@AJI CHUANG DIAN QI KONG ZHI JI SHU@f齐占庆主编@FQI ZHAN QING ZHU BIAN
205    @a3版
210    @a北京@c机械工业出版社@d2005
215    @a194页@d26cm
300    @a普通高等教育机电类规划教材
330    @a本书包括:机床电气控制线路典型机床控制线路分析、机床的直流调速系统、交流调速系统、可编程序控制器及其在机床上的应用等6章。
540 1  @a机床 电气 控制@AJI CHUANG DIAN QI KONG ZHI
606    @a机床-电气控制@x高等教育@x教材
606    @a电气控制-机床@x高等教育@x教材
690    @aTG502.35-43@v4
701  0 @a齐占庆@AQI ZHAN QING@4主编
801  0 @aCN@bTSSF@c20061009
905    @a10447@dTG502.35-43@e38
    
    机床电气控制技术/齐占庆主编.-3版.-北京:机械工业出版社,2005
    194页;26cm
    普通高等教育机电类规划教材
    
    ISBN 7-111-04010-4:CNY17.00
    本书包括:机床电气控制线路典型机床控制线路分析、机床的直流调速系统、交流调速系统、可编程序控制器及其在机床上的应用等6章。
●
相关链接 在E读中查询图书 在五车中查询图书 在当当中查询图书 在豆瓣中查询图书


正题名:机床电气控制技术     索取号:TG502.35-43/38         预约/预借

序号 登录号 条形码 馆藏地/架位号 状态 备注
1 0484267   204842670   密集书库/ [索取号:TG502.35-43/38] 在馆    
唐山师范学院图书馆 欢迎您!
大连网信软件有限公司© 版权所有